Pascal.

Gardado en:
Detalles Bibliográficos
Autor Principal: Lefebvre, Henri, 1905-
Formato: Libro
Idioma:English
Publicado: Paris : Editions Nagel, [19.
Series:Collection pensěes (Paris, France)
Subjects:
LEADER 00771nam a2200229 i 4500
001 c000249330
003 CARM
005 00000000000000.0
008 840410n19 fr 0 eng d
019 1 |a 2104643  |5 LACONCORD2021 
035 |a (OCoLC)7837665  |5 LACONCORD2021 
082 0 4 |a 194 
100 1 |a Lefebvre, Henri,  |d 1905- 
245 1 0 |a Pascal. 
260 |a Paris :  |b Editions Nagel,  |c [19. 
300 |a v. 
490 1 |a Collection Pensees 
600 1 0 |a Pascal, Blaise,  |d 1623-1662. 
830 0 |a Collection pensěes (Paris, France) 
852 8 |b CARM  |h A2:AH24H0  |i A04008  |p 0322332  |f BK 
999 f f |i bb8c5d26-823b-53fa-85d4-d5eaa1c484c8  |s d1aa205b-c12a-542b-95c8-385d466099b7 
952 f f |p Can circulate  |a CAVAL  |b CAVAL  |c CAVAL  |d CARM 1 Store  |e A04008  |f A2:AH24H0  |h Other scheme  |i book  |m 0322332